Coexistence : (Registro nro. 20055)

Detalles MARC
000 -CABECERA
Campo de control 00892pam a22002411i 4500
005 - FECHA Y HORA DE LA ULTIMA TRANSACCION
Campo de control 20191224042343.0
008 - ELEMENTOS DE LONGITUD FIJA—INFORMACION GENERAL
Campo de control 161201s2016 nyua b 001|0|eng|d
020 ## - ISBN
ISBN 9780190632441 (pbk.) :
Términos de disponibilidad us 53
040 ## - FUENTE DE CATALOGACIÓN
Agencia catalogadora original StDuBDS
Agencia transcriptora StDuBDS
Agencia Modificadora Co-BoIAvH
041 ## - IDIOMA
Código de idioma para texto/pista de sonido o título separado Inglés
082 04 - NUMERO DE CLASIFICACION DECIMAL DEWEY
Número de clasificación 333.950913
Número del ítem S24c
100 10 - ASIENTO PRINCIPAL--NOMBRE PERSONAL
Nombre personal Sapp, Jan,
Término relacionado autor.
9 (RLIN) 88298
245 10 - MENCION DE TITULO
Título Coexistence :
Parte restante del título the ecology and evolution of tropical biology /
Mención de responsabilidad Jan Sapp.
260 ## - PUBLICACION, DISTRIBUCION, ETC. (PIE DE IMPRENTA)
Lugar de publicación, distribución, etc. New York:
Nombre del editor, distribuidor, etc. Oxford University Press,
Fecha de publicación, distribución, etc. 2016.
300 ## - DESCRIPCION FISICA
Extensión xi, 275 páginas :
Otros detalles físicos ilustraciones (blanco y negro) ;
Dimensiones 25 centímetros
504 ## - NOTA DE BIBLIOGRAFIA, ETC.
Nota de bibliografía Incluyes referencias bibliográficas e índice
610 20 - ASIENTO SECUNDARIO DE MATERIA - NOMBRE CORPORATIVO
Nombre corporativo o nombre de la jurisdicción como elemento de entrad Smithsonian Tropical Research Institute.
9 (RLIN) 8375
650 #0 - ASIENTO SECUNDARIO DE MATERIA - TERMINO TEMATICO
Término temático o nombre geográfico como elemento de entrada Biodiversity
Subdivisión geográfica Tropics.
9 (RLIN) 88300
650 #0 - ASIENTO SECUNDARIO DE MATERIA - TERMINO TEMATICO
Término temático o nombre geográfico como elemento de entrada Ecology
Subdivisión geográfica Tropics.
9 (RLIN) 88301
650 #0 - ASIENTO SECUNDARIO DE MATERIA - TERMINO TEMATICO
Término temático o nombre geográfico como elemento de entrada Evolution (Biology)
Subdivisión geográfica Tropics.
9 (RLIN) 88302
651 #0 - ASIENTO SECUNDARIO DE MATERIA - NOMBRE GEOGRAFICO
Nombre geográfico Tropics
Subdivisión general Research.
9 (RLIN) 88303
942 ## - ELEMENTOS ADICIONALES (KOHA)
Sistema de clasificación Dewey Decimal Classification
Tipo de ítem Libro
Existencias
Withdrawn status Lost status Sistema de Clasificación Damaged status No para préstamo Colección Ubicación Permanente Ubicación actual Fecha de adquisición Fuente de Valor Valor Total Checkouts Número topográfico Inventario / Código de Barras Date last seen Ejemplar Price effective from Forma de adquisición Tipo de material
    Dewey Decimal Classification     General Bogotá Bogotá 27/12/2017 Compra OUP 53.00   LB-333.950913 S24c 043182 27/12/2017 Ej. 1 27/12/2017 Compra Libro